Medical management of the regional musculoskeletal diseases : (Record no. 3728)
[ view plain ]
| 000 -LEADER | |
|---|---|
| fixed length control field | 00797pam a2200229 a 4500 |
| 001 - CONTROL NUMBER | |
| control field | 479673 |
| 005 - DATE AND TIME OF LATEST TRANSACTION | |
| control field | 20250209113724.0 |
| 008 - FIXED-LENGTH DATA ELEMENTS--GENERAL INFORMATION | |
| fixed length control field | 840730s1984 flua b 001 0 eng c |
| 020 ## - INTERNATIONAL STANDARD BOOK NUMBER | |
| International Standard Book Number | 0808916734 |
| 050 10 - LIBRARY OF CONGRESS CALL NUMBER | |
| Classification number | RC925.5 |
| Item number | .M44 1984 |
| 082 00 - DEWEY DECIMAL CLASSIFICATION NUMBER | |
| Classification number | 616.7/06 |
| Edition information | 19 |
| 245 00 - TITLE STATEMENT | |
| Title | Medical management of the regional musculoskeletal diseases : |
| Remainder of title | backache, neck pain, disorders of the upper and lower extremities / |
| Statement of responsibility, etc. | edited by Nortin M. Hadler. |
| 260 ## - PUBLICATION, DISTRIBUTION, ETC. | |
| Place of publication, distribution, etc. | Orlando : |
| Name of publisher, distributor, etc. | Grune & Stratton, |
| Date of publication, distribution, etc. | c1984. |
| 300 ## - PHYSICAL DESCRIPTION | |
| Extent | xi, 323 p. : |
| Other physical details | ill. ; |
| Dimensions | 27 cm. |
| 650 #0 - SUBJECT ADDED ENTRY--TOPICAL TERM | |
| Topical term or geographic name entry element | Musculoskeletal system |
| General subdivision | Diseases |
| -- | Treatment. |
| 650 #0 - SUBJECT ADDED ENTRY--TOPICAL TERM | |
| Topical term or geographic name entry element | Disability evaluation. |
| 650 #0 - SUBJECT ADDED ENTRY--TOPICAL TERM | |
| Topical term or geographic name entry element | Pain |
| General subdivision | Treatment. |
| 650 #2 - SUBJECT ADDED ENTRY--TOPICAL TERM | |
| Topical term or geographic name entry element | Bone Diseases |
| General subdivision | therapy. |
| 650 #2 - SUBJECT ADDED ENTRY--TOPICAL TERM | |
| Topical term or geographic name entry element | Muscular Diseases |
| General subdivision | therapy. |
| 700 1# - ADDED ENTRY--PERSONAL NAME | |
| Personal name | Hadler, Nortin M. |
| 942 ## - ADDED ENTRY ELEMENTS (KOHA) | |
| Source of classification or shelving scheme | Library of Congress Classification |
| Koha item type | Books |
| Suppress in OPAC | No |
| 999 ## - | |
| -- | 3728 |
| -- | 3728 |
| Withdrawn status | Lost status | Source of classification or shelving scheme | Damaged status | Not for loan | Collection | Home library | Current library | Shelving location | Date acquired | Total checkouts | Full call number | Barcode | Date last seen | Copy number | Price effective from | Koha item type |
|---|---|---|---|---|---|---|---|---|---|---|---|---|---|---|---|---|
| Library of Congress Classification | Non-fiction | Science Library (Miotso) | Science Library (Miotso) | General stacks | 02/09/2025 | RC925.5 .M44 HAD | SLM00003337 | 02/09/2025 | 1 | 02/09/2025 | Books |